Music Quiz

Random Music or Clickable Quiz

Songs That Lost a Word II Quiz Stats

Quiz Updated Nov 8, 2017

Challenge
Share
Tweet
Embed
Score 0/40 Timer 06:00
8 Plays Today
% Correct
Love
96.1%
Deep
96.1%
Me
95.8%
Made
95.7%
Child
95.6%
It
95%
Ring
94.8%
Dance
94.6%
Heaven's
94.6%
Boogie
94.5%
Tonk
94%
Give
93.8%
Worry
92.4%
Talk
92.2%
More
92.1%
Met
91.7%
Got
91.4%
Your
91.1%
Miles
90.2%
Lonely
90.1%
% Correct
Nation
89.9%
Deep
89.6%
Old
89.5%
Here
89.4%
Like
89.4%
When
87.4%
Hips
87.3%
Country
87.3%
Window
86.9%
Small
86.5%
Watching
86.2%
Crazy
85.2%
Dead
83.2%
Billie
82.7%
Problems
82.2%
Runs
82%
Time
79.2%
Takes
79.1%
Bling
76%
Soul
65.9%

You're not logged in!

Compare scores with friends on all Sporcle quizzes.
Sign Up with Email
OR
Log In

You Might Also Like...

Show Comments

Extras

Top Quizzes Today


Score Distribution

Your Account Isn't Verified!

In order to create a playlist on Sporcle, you need to verify the email address you used during registration. Go to your Sporcle Settings to finish the process.